<Das> Arbeitskräfteangebot in der Bundesrepublik Deutschland in den achtziger Jahren
Gespeichert in:
| 1. Verfasser: | |
|---|---|
| Format: | Buch |
| Sprache: | Deutsch |
| Veröffentlicht: |
Kiel
Universität
1982
|
| Schriftenreihe: | Arbeitspapier
Nr. 158 |
| Tags: |
Keine Tags, Fügen Sie das erste Tag hinzu!
|
MARC
| LEADER | 00000nam a2200000 4500 | ||
|---|---|---|---|
| 001 | c129400 | ||
| 005 | 20181203150427.4 | ||
| 041 | 0 | |a ger | |
| 044 | |a DE | ||
| 245 | 1 | 0 | |a <Das> Arbeitskräfteangebot in der Bundesrepublik Deutschland in den achtziger Jahren |c Alfred Boss |
| 264 | 1 | |a Kiel |b Universität |c 1982 | |
| 300 | |a 42 s. | ||
| 490 | 1 | |a Arbeitspapier |v Nr. 158 | |
| 830 | 0 | |a Arbeitspapier |v Nr. 158 | |
| 100 | 1 | |a Boss, Alfred | |